Mechanics (Record no. 544213)
[ view plain ]
| 000 -LEADER | |
|---|---|
| fixed length control field | 00812cam a22001811 4500 |
| 020 ## - INTERNATIONAL STANDARD BOOK NUMBER | |
| International Standard Book Number | 0070048614 (v. 4) |
| 082 00 - DEWEY DECIMAL CLASSIFICATION NUMBER | |
| Classification number | 530.1 |
| Author Mark | KIT |
| 100 ## - MAIN ENTRY--PERSONAL NAME | |
| Personal name | Knight, Walter D. |
| 9 (RLIN) | 39781 |
| 245 00 - TITLE STATEMENT | |
| Title | Mechanics |
| Remainder of title | Berkeley physics course. |
| 260 ## - PUBLICATION, DISTRIBUTION, ETC. | |
| Place of publication, distribution, etc. | New York, |
| Name of publisher, distributor, etc. | McGraw-Hill |
| Date of publication, distribution, etc. | [1965-71, v. 5, 1967] |
| 300 ## - PHYSICAL DESCRIPTION | |
| Extent | 5 v. |
| Other physical details | illus. |
| Dimensions | 25 cm. |
| 500 ## - GENERAL NOTE | |
| General note | The course is being developed by an interuniversity group, of which Charles Kittel is chairman. |
| 505 0# - FORMATTED CONTENTS NOTE | |
| Formatted contents note | v. 1. Mechanics, by C. Kittel, W. D. Knight, and M. A. Ruderman.--v. 2. Electricity and magnetism, by E. M. Purcell.--v. 3. Waves, by F. S. Crawford, Jr.--v. 4. Quantum physics, by E. H. Wichmann--v. 5. Statistical physics, by F. Reif. |
| 526 ## - STUDY PROGRAM INFORMATION NOTE | |
| Program name | 0 |
| Interest level | 0 |
| Reading level | 0 |
| Title point value | 530_100000000000000_KIT |
| 650 #0 - SUBJECT ADDED ENTRY--TOPICAL TERM | |
| Topical term or geographic name entry element | Physics. |
| 700 1# - ADDED ENTRY--PERSONAL NAME | |
| Personal name | Kittel, Charles. |
| 9 (RLIN) | 34447 |
| 942 ## - ADDED ENTRY ELEMENTS (KOHA) | |
| Source of classification or shelving scheme | |
| Koha item type | Book |
| Withdrawn status | Lost status | Source of classification or shelving scheme | Damaged status | Not for loan | Permanent Location | Current Location | Date acquired | Total Checkouts | Full call number | Barcode | Date last seen | Price effective from | Koha item type |
|---|---|---|---|---|---|---|---|---|---|---|---|---|---|
| Military College of Engineering (MCE) | Military College of Engineering (MCE) | 04/15/2014 | 530.1 KIT | MCE-29931 | 04/15/2014 | 04/15/2014 | Book |
